Fine wine and design: (Record no. 11387)
[ view plain ]
| 000 -LEADER | |
|---|---|
| fixed length control field | 00588nam a2200145 4500 |
| 008 - FIXED-LENGTH DATA ELEMENTS--GENERAL INFORMATION | |
| fixed length control field | 181119b ||||| |||| 00| 0 eng d |
| 022 ## - INTERNATIONAL STANDARD SERIAL NUMBER | |
| International Standard Serial Number | 2094-8042 |
| 082 ## - DEWEY DECIMAL CLASSIFICATION NUMBER | |
| Classification number | DPer 050 T48 Apr-June 2016 v. 59-60 |
| 100 ## - MAIN ENTRY--PERSONAL NAME | |
| 9 (RLIN) | 32671 |
| Personal name | Anastassiades, Michael and Bernardo, Enrico |
| 245 ## - TITLE STATEMENT | |
| Title | Fine wine and design: |
| Remainder of title | puiforcat adds shine to wine accessories, while Saint-Louis gives glassware a clever twist/ |
| Statement of responsibility, etc. | Michael Anastassiades and Enrico Bernardo. |
| 260 ## - PUBLICATION, DISTRIBUTION, ETC. (IMPRINT) | |
| Place of publication, distribution, etc. | Hong Kong; |
| Name of publisher, distributor, etc. | Time Asia, |
| Date of publication, distribution, etc. | c2016. |
| 300 ## - PHYSICAL DESCRIPTION | |
| Extent | v187 n14, pages 46-48: |
| Other physical details | illustrations; |
| Dimensions | 27cm. |
| 690 #0 - LOCAL SUBJECT ADDED ENTRY--TOPICAL TERM (OCLC, RLIN) | |
| 9 (RLIN) | 32672 |
| Topical term or geographic name as entry element | 1 |
| 942 ## - ADDED ENTRY ELEMENTS (KOHA) | |
| Source of classification or shelving scheme | Dewey Decimal Classification |
| Koha item type | Periodicals |
| Withdrawn status | Lost status | Source of classification or shelving scheme | Damaged status | Not for loan | Collection code | Home library | Current library | Date acquired | Total Checkouts | Full call number | Date last seen | Price effective from | Koha item type | Public note |
|---|---|---|---|---|---|---|---|---|---|---|---|---|---|---|
| Dewey Decimal Classification | Periodicals | UM Digos College - LIC | UM Digos College - LIC | 11/19/2018 | DPer 050 T48 Apr-June 2016 | 11/19/2018 | 11/19/2018 | Periodicals | Periodical article |
